Lí thuyết kiểm toán

Uloženo v:
Podrobná bibliografie
Hlavní autor: NGUYỄN QUANG QUYNH
Médium: Kniha
Jazyk:Undetermined
Vydáno: Hà Nội Tài chính 2001
Témata:
Tagy: Přidat tag
Žádné tagy, Buďte první, kdo otaguje tento záznam!
Thư viện lưu trữ: Trung tâm Học liệu Trường Đại học Cần Thơ
LEADER 00465nam a2200169Ia 4500
001 CTU_47302
008 210402s9999 xx 000 0 und d
082 |a 657.45 
082 |b Qu609/2001 
100 |a NGUYỄN QUANG QUYNH 
245 0 |a Lí thuyết kiểm toán 
245 0 |c NGUYỄN QUANG QUYNH 
260 |a Hà Nội 
260 |b Tài chính 
260 |c 2001 
650 |a auditing 
980 |a Trung tâm Học liệu Trường Đại học Cần Thơ